มุมมองปกติ
มุมมองแบบ MARC
- ประศาสน์พิทยายุทธ,
รายการ Personal Name
001 - CONTROL NUMBER
- control field: 57654
003 - CONTROL NUMBER IDENTIFIER
- control field: NALT
005 - DATE AND TIME OF LATEST TRANSACTION
- control field: 20220411095138.0
008 - FIXED-LENGTH DATA ELEMENTS
- fixed length control field: 220411|| aca||aabn | a|a d
040 ## - CATALOGING SOURCE
- Original cataloging agency: NALT
100 04 - HEADING--PERSONAL NAME
- Personal name: ประศาสน์พิทยายุทธ,
- Titles and other words associated with a name: พระ
- General subdivision: ชีวประวัติ
